Advanced calculus : (Record no. 477)

000 -LEADER
fixed length control field 00619nam a2200217 a 4500
001 - CONTROL NUMBER
control field 477
003 - CONTROL NUMBER IDENTIFIER
control field BD-DhUET
008 - FIXED-LENGTH DATA ELEMENTS--GENERAL INFORMATION
fixed length control field 091208s2010 ne a b 001 0 eng
020 ## - INTERNATIONAL STANDARD BOOK NUMBER
International Standard Book Number 9789380501819
040 ## - CATALOGING SOURCE
Original cataloging agency DLC
Transcribing agency DLC
Modifying agency BD-DhUET
082 00 - DEWEY DECIMAL CLASSIFICATION NUMBER
Classification number 517
Item number DEN/2010
100 1# - MAIN ENTRY--PERSONAL NAME
Personal name Dence, Joseph B.
245 10 - TITLE STATEMENT
Title Advanced calculus :
Remainder of title a transition to analysis
Statement of responsibility, etc. by Joseph B. Dence and Thomas P. Dence.
250 ## - EDITION STATEMENT
Edition statement Ist ed.
260 ## - PUBLICATION, DISTRIBUTION, ETC. (IMPRINT)
Place of publication, distribution, etc. Boston :
Name of publisher, distributor, etc. Academic Press/Elsevier,
Date of publication, distribution, etc. 2010.
300 ## - PHYSICAL DESCRIPTION
Extent xiv, 375 p. :
Other physical details ill. ;
Dimensions 25 cm.
504 ## - BIBLIOGRAPHY, ETC. NOTE
Bibliography, etc Includes bibliographies.
650 #0 - SUBJECT ADDED ENTRY--TOPICAL TERM
Topical term or geographic name as entry element Calculus
700 1# - ADDED ENTRY--PERSONAL NAME
Personal name Dence, Thomas P.
942 ## - ADDED ENTRY ELEMENTS (KOHA)
Koha item type General Book
Holdings
Damaged status Price effective from Koha full call number Not for loan Withdrawn status Copy number Date acquired Location (home branch) Source of classification or shelving scheme Lost status Piece designation (barcode) Koha normalized classification for sorting Koha date last seen Sublocation or collection (holding branch) Shelving location Koha item type
 2014-07-22517DEN/2010  12014-07-22Central Library, BUET  111561517DEN20102014-07-22Central Library, BUETCirculation sectionGeneral Book
 2014-10-27517/DEN/2010  22014-10-27Central Library, BUET  111562517DEN20102016-04-24Central Library, BUETCirculation sectionGeneral Book